Les généraux vendéens - Statistiques

Statistiques générales
  • Ce quiz a été pris 82 fois
  • Le résultat moyen est 6 sur 8
Statistiques - réponses
Par images Réponse % Correct
François-Athanase Charette de La Contrie
100%
Henri de La Rochejaquelein
85%
Jacques Cathelineau
80%
Charles de Bonchamps
76%
Jean-Nicolas Stofflet
74%
Louis Gigost d'Elbée
70%
Louis de Salgues de Lescure
68%
Antoine-Philippe de La Trémoïlle, Prince de Talmont
58%
Aucun quiz correspondant
Distribution des résultats
% des personnes avec chaque résultat
Percentile par nombre de réponses
Votre historique - résultats
Vous n’avez pas pris ce quiz